Landman. Season one / MTV Entertainment Studios ... Read More
Available copies
- 0 of 2 copies available at LARL/NWRL Consortium.
- 0 of 2 copies available at Lake Agassiz Regional Library. (Show preferred library)
Current holds
5 current holds with 2 total copies.
Show Only Available Copies
| Location | Call Number / Copy Notes | Barcode | Shelving Location | Status | Due Date |
|---|---|---|---|---|---|
| Breckenridge Public Library | DVD LAN (Text) | 33500014309587 | Main | In transit | - |
| LARL Cataloging | LARL159011 (Text) | LARL159011 | Main | On order | - |
Record details
- ISBN: 0191329277621
- Physical Description: 3 videodiscs (approximately 521 min.) : sound, ... Read More
- Publisher: Hollywood, California : Paramount, [2025]
- Copyright: ©2025
Content descriptions
| General Note: | Title from container. Inspired by the "Boomtown" podcast. Originally broadcast as individual episodes of a television program in 2024-2025. Wide screen. Special features: Constant crisis, the path to Landman; Passion and poise: Tommy & Angela/Cami & ... Read More |
| Formatted Contents Note: | Disc 1. Landman ; Dreamers and losers ; Hell has a ... Read More |
| Creation/Production Credits Note: | Director, Taylor Sheridan, Stephen Kay, Michael ... Read More |
| Participant or Performer Note: | Billy Bob Thornton, Ali Larter, Jacob Lofland, ... Read More |
| Summary, etc.: | Set in the proverbial boomtowns of West Texas, ... Read More |
| Target Audience Note: | Parental advisory: explicit content. Contains ... Read More CHV Rating: 14A. |
| System Details Note: | DVD; NTSC, region 1; widescreen (2.00:1), Dolby ... Read More |
| Language Note: | English dialogue; English subtitles for the deaf ... Read More |
Search for related items by subject
| Subject: | Oil well drilling > Texas > Drama. Petroleum industry and trade > Texas > Drama. Petroleum engineers > Texas > Drama. Economics > Drama. Man-woman relationships > Drama. Texas, West > Drama. Economics. Economics > Drama. Oil well drilling > Texas > Drama. |
Search for related items by series
| LDR | 08077cgm a2201405 i 4500 | ||
|---|---|---|---|
| 001 | 475455 | ||
| 003 | LARL_NWRL_CONSORTIUM | ||
| 005 | 20251205185349.0 | ||
| 008 | 250228p20252024cau521 e vleng d | ||
| 007 | vd cvaizq | ||
| 040 | . | ‡aLMJ ‡beng ‡erda ‡cLMJ ‡dTEFMT ‡dOCLCO ‡dTEF ‡dOCLCO ‡dDYJ ‡dTEFMT ‡dOPW ‡dIG# ‡dIK2 ‡dOCLCO ‡dDCB ‡dOCLCO ‡dWIQ ‡dINO ‡dOCLCO ‡dRNL ‡dOCLCO ‡dRB0 ‡dJBU ‡dJRX ‡dOCLCO ‡dNUI ‡dKCP ‡dCNCAR ‡dNMLLC ‡dOCLCL ‡dOCLCO | |
| 019 | . | ‡a1500700363 ‡a1527075390 | |
| 020 | . | ‡a0191329277621 | |
| 024 | 1 | . | ‡a191329277621 |
| 028 | 4 | 2. | ‡a3000100262 ‡bParamount |
| 028 | 4 | 2. | ‡a17658315 ‡bMidwestTape |
| 033 | 2 | 1. | ‡a2024---- ‡a2025---- |
| 035 | . | ‡a(OCoLC)1505550854 ‡z(OCoLC)1500700363 ‡z(OCoLC)1527075390 | |
| 041 | 0 | . | ‡aeng ‡peng ‡heng |
| 043 | . | ‡an-us-tx | |
| 046 | . | ‡k2024 ‡l2025 ‡2edtf | |
| 082 | 0 | 4. | ‡a791.45/72 ‡223/eng/20250228 |
| 130 | 0 | . | ‡aLandman (Television program). ‡nSeason 1. |
| 245 | 1 | 0. | ‡aLandman. ‡pSeason one / ‡cMTV Entertainment Studios presents ; in association with 101 Studios ; created by Taylor Sheridan & Christian Wallace ; director, Taylor Sheridan, Stephen Kay, Michael Friedman ; screenwriter, Taylor Sheridan ; producer, Rajeev Malhotra. |
| 246 | 3 | . | ‡aLandman. ‡pFirst season |
| 257 | . | ‡aUnited States ‡2naf | |
| 264 | 1. | ‡aHollywood, California : ‡bParamount, ‡c[2025] | |
| 264 | 4. | ‡c©2025 | |
| 300 | . | ‡a3 videodiscs (approximately 521 min.) : ‡bsound, color ; ‡c4 3/4 in. | |
| 306 | . | ‡a084100 | |
| 336 | . | ‡atwo-dimensional moving image ‡btdi ‡2rdacontent | |
| 337 | . | ‡avideo ‡bv ‡2rdamedia | |
| 338 | . | ‡avideodisc ‡bvd ‡2rdacarrier | |
| 340 | . | ‡b4 3/4 in. | |
| 340 | . | ‡gpolychrome ‡2rdacc | |
| 341 | 0 | . | ‡aauditory ‡bclosedCaptions ‡2sapdv |
| 344 | . | ‡adigital ‡2rdatr | |
| 344 | . | ‡boptical ‡2rdarm | |
| 344 | . | ‡gsurround ‡2rdacpc | |
| 344 | . | ‡hDolby digital 5.1 | |
| 344 | . | ‡isound ‡2rdasco | |
| 345 | . | ‡c2.00:1 | |
| 345 | . | ‡dwide screen ‡2rdaar | |
| 346 | . | ‡bNTSC ‡2rdabs | |
| 347 | . | ‡avideo file ‡2rdaft | |
| 347 | . | ‡bDVD video | |
| 347 | . | ‡eregion 1 ‡2rdare | |
| 380 | . | ‡aTelevision programs ‡2lcgft | |
| 490 | 0 | . | ‡aLandman ; ‡vSeason 1 |
| 538 | . | ‡aDVD; NTSC, region 1; widescreen (2.00:1), Dolby Digital 5.1. | |
| 546 | . | ‡aEnglish dialogue; English subtitles for the deaf and hard of hearing (SDH). | |
| 532 | 1 | . | ‡aEnglish subtitles for the deaf and hard of hearing (SDH). |
| 500 | . | ‡aTitle from container. | |
| 511 | 1 | . | ‡aBilly Bob Thornton, Ali Larter, Jacob Lofland, Michelle Randolph, Paulina Chávez, Kayla Wallace, Mark Collie, James Jordan, Demi Moore, Jon Hamm. |
| 508 | . | ‡aDirector, Taylor Sheridan, Stephen Kay, Michael Friedman ; screenwriter, Taylor Sheridan ; producer, Rajeev Malhotra ; composer, Andrew Lockington ; director of photography, Robert McLachlan, Mike Parry ; editor of moving image work, Chad Galster, Christopher Gay, Jonny Converse, John Coniglio, Ishai Setton, Brooke Rupe ; production designer, Charisse Cardenas. | |
| 500 | . | ‡aInspired by the "Boomtown" podcast. | |
| 500 | . | ‡aOriginally broadcast as individual episodes of a television program in 2024-2025. | |
| 500 | . | ‡aWide screen. | |
| 521 | 8 | . | ‡aParental advisory: explicit content. Contains adult language and situations. |
| 521 | 8 | . | ‡aCHV Rating: 14A. |
| 520 | . | ‡aSet in the proverbial boomtowns of West Texas, Landman is a modern-day tale of fortune seeking in the world of oil rigs. The series is an upstairs/downstairs story of roughnecks and wildcat billionaires fueling a boom so big, it's reshaping our climate, our economy and our geopolitics. | |
| 500 | . | ‡aSpecial features: Constant crisis, the path to Landman; Passion and poise: Tommy & Angela/Cami & Monty; Welcome to the patch, pyrotechnics and stunts; Landman, inside the series; Landman, meet the Millers; Landman, the best of Tommy; Roughnecking it with Billy, James, and Jacob; Digging deep with the cast of Landman. | |
| 505 | 0 | 0. | ‡gDisc 1. ‡tLandman ; ‡tDreamers and losers ; ‡tHell has a front yard ; ‡tThe sting of second chances -- ‡gDisc 2. ‡tWhere is home ; ‡tBeware the second beating ; ‡tAll roads lead to a hole ; ‡tClumsy, this life -- ‡gDisc 3. ‡tWolfCamp ; ‡tThe crumbs of hope ; ‡tSpecial features. |
| 650 | 0. | ‡aOil well drilling ‡zTexas ‡vDrama. | |
| 650 | 0. | ‡aPetroleum industry and trade ‡zTexas ‡vDrama. | |
| 650 | 0. | ‡aPetroleum engineers ‡zTexas ‡vDrama. | |
| 650 | 0. | ‡aEconomics ‡vDrama. | |
| 650 | 0. | ‡aMan-woman relationships ‡vDrama. ‡0(LARL_NWRL_CONSORTIUM)166008 | |
| 651 | 0. | ‡aTexas, West ‡vDrama. | |
| 650 | 0. | ‡aEconomics. ‡0(LARL_NWRL_CONSORTIUM)18992 | |
| 650 | 1. | ‡aEconomics ‡vDrama. | |
| 650 | 1. | ‡aOil well drilling ‡zTexas ‡vDrama. | |
| 655 | 0. | ‡aDrama. | |
| 655 | 7. | ‡aAction and adventure television programs. ‡2lcgft ‡0(LARL_NWRL_CONSORTIUM)175838 | |
| 655 | 7. | ‡aThrillers (Television programs) ‡2lcgft ‡0(LARL_NWRL_CONSORTIUM)175790 | |
| 655 | 7. | ‡aFiction television programs. ‡2lcgft ‡0(LARL_NWRL_CONSORTIUM)175627 | |
| 655 | 7. | ‡aTelevision series. ‡2lcgft ‡0(LARL_NWRL_CONSORTIUM)175797 | |
| 655 | 7. | ‡aTelevision adaptations. ‡2lcgft ‡0(LARL_NWRL_CONSORTIUM)175702 | |
| 655 | 7. | ‡aVideo recordings for the hearing impaired. ‡2lcgft ‡0(LARL_NWRL_CONSORTIUM)175744 | |
| 700 | 1 | . | ‡aSheridan, Taylor, ‡ecreator, ‡edirector, ‡escreenwriter. ‡1https://id.oclc.org/worldcat/entity/E39PBJjT4wptft6kdrBKKj74MP |
| 700 | 1 | . | ‡aWallace, Christian, ‡ecreator. |
| 700 | 1 | . | ‡aKay, Stephen ‡q(Stephen T.), ‡etelevision director. ‡1https://id.oclc.org/worldcat/entity/E39PBJg4pb4RgvhrJVVrfCp773 ‡0(LARL_NWRL_CONSORTIUM)205896 |
| 700 | 1 | . | ‡aFriedman, Michael ‡c(Television producer and director), ‡etelevision director. |
| 700 | 1 | . | ‡aMalhotra, Rajeev ‡c(Producer), ‡etelevision producer. |
| 700 | 1 | . | ‡aThornton, Billy Bob, ‡eactor. ‡1https://id.oclc.org/worldcat/entity/E39PBJxRG3x3wDYk4dy8H6bKh3 ‡0(LARL_NWRL_CONSORTIUM)121738 |
| 700 | 1 | . | ‡aLarter, Ali, ‡d1976- ‡eactor. ‡1https://id.oclc.org/worldcat/entity/E39PBJmP6WRdDBmPj9Tc6JkdQq ‡0(LARL_NWRL_CONSORTIUM)148363 |
| 700 | 1 | . | ‡aLofland, Jacob, ‡eactor. ‡1https://id.oclc.org/worldcat/entity/E39PBJppx39dVFpDrFMYG9PG73 |
| 700 | 1 | . | ‡aRandolph, Michelle, ‡d1997- ‡eactor. |
| 700 | 1 | . | ‡aChávez, Paulina, ‡d2002- ‡eactor. |
| 700 | 1 | . | ‡aWallace, Kayla, ‡d1993- ‡eactor. |
| 700 | 1 | . | ‡aCollie, Mark, ‡eactor. ‡1https://id.oclc.org/worldcat/entity/E39PBJcKM67XvpRDP3Pw9mvPwC |
| 700 | 1 | . | ‡aJordan, James, ‡d1979- ‡eactor. ‡1https://id.oclc.org/worldcat/entity/E39PBJdGQ3H3hBcdYTkJKGJJjC |
| 700 | 1 | . | ‡aMoore, Demi, ‡eactor.. ‡1https://id.oclc.org/worldcat/entity/E39PBJwmPMcWpBHHFJGHY8xv73 ‡0(LARL_NWRL_CONSORTIUM)138307 |
| 700 | 1 | . | ‡aHamm, Jon, ‡d1971- ‡eactor. ‡1https://id.oclc.org/worldcat/entity/E39PBJymxMC9PCkp6VJRP68Hmd ‡0(LARL_NWRL_CONSORTIUM)214781 |
| 700 | 1 | . | ‡aLockington, Andrew, ‡d1974- ‡ecomposer ‡1https://id.oclc.org/worldcat/entity/E39PBJqk7PKQtYW7tYqdkYMwYP |
| 700 | 1 | . | ‡aMcLachlan, Robert, ‡ecinematographer. ‡1https://id.oclc.org/worldcat/entity/E39PBJwmPBMM6Pd8b4t8VPMtrq |
| 700 | 1 | . | ‡aParry, Mike ‡c(Cinematographer), ‡ecinematographer. |
| 700 | 1 | . | ‡aGalster, Chad, ‡eeditor. ‡1https://id.oclc.org/worldcat/entity/E39PCjFc6pRcpd8D6DRBHQhHvd |
| 700 | 1 | . | ‡aGay, Christopher, ‡d1977- ‡eeditor. |
| 700 | 1 | . | ‡aConverse, Jonny, ‡eeditor. |
| 700 | 1 | . | ‡aConiglio, John, ‡eeditor. ‡1https://id.oclc.org/worldcat/entity/E39PCjHRrcqhfWhtfQhdFkhjyb |
| 700 | 1 | . | ‡aSetton, Ishai, ‡eeditor. ‡1https://id.oclc.org/worldcat/entity/E39PCjK4Kx3khb4qfCk3m4XqkP |
| 700 | 1 | . | ‡aRupe, Brooke, ‡eeditor. |
| 700 | 1 | . | ‡aCardenas, Charisse, ‡eproduction designer. ‡1https://id.oclc.org/worldcat/entity/E39PBJdRvVkGBXfFMrjRHy4pfq |
| 710 | 2 | . | ‡aMTV Entertainment Studios, ‡eproduction company. ‡1https://id.oclc.org/worldcat/entity/E39QH7JmrYPqRkgR4dQRtyFjRg |
| 710 | 2 | . | ‡a101 Studios, ‡eproduction company. ‡1https://id.oclc.org/worldcat/entity/E39QH7JmpqgfKjyR86F9Y8Q8dF |
| 710 | 2 | . | ‡aParamount Home Entertainment (Firm), ‡epublisher. ‡1https://id.oclc.org/worldcat/entity/E39QH7JmtjXcPKGCY3jmdfmRCF ‡0(LARL_NWRL_CONSORTIUM)210140 |
| 856 | 4 | 2. | ‡3imdb listing : ‡uhttps://www.imdb.com/title/tt14186672/ |
| 901 | . | ‡a475455 ‡bOCoLC ‡c475455 ‡tbiblio ‡soclc | |

Add to basket
Permalink
Disable Highlighting